000 01053nam a2200241Ia 4500
003 Ost
005 20260507075337.0
008 260507s9999||||xx |||||||||||||| ||und||
040 _cfsecg
041 _aara
082 _a330
100 _aأحمد، عبد الغفور ابراهيم
_eمؤلف
245 0 _aمبادئ الاقتصاد و المالية العامة /
_c عبد الغفور ابراهيم أحمد
260 _aعمان:
_bدار زهران,
_c2009
300 _a274 صفحة؛
_bإيضاحات ؛
_c25 سم
504 _aمصادر ص.265
520 _aمفهوم علم الاقتصاد و المشكلة الاقتصادية ، الطلب و العرض و السعر التوازني ، الانتاج و الأسواق و الدخل القومي و النقود و السياسة النقدية و المالية العامة .
653 _aالأزمات الإقتصادية
653 _aالاقتصاد
653 _aالسياسة النقدية
653 _aالمالية العامة
942 _cكتاب
999 _c44063
_d44063